000 00949nam a2200253 a 4500
005 20141210142344.0
008 140127b2006 ck ||||| |||| 00| 0 spa d
040 _cCO-BoIH
041 _aspa
044 _ack
090 _aIAVH
_b00694
100 _aLema Vélez, Luz Amparo
_95292
245 _aPlan de co-manejo de bejucos en el Eje cafetero
260 _aBogotá
_bInstituto Alexander von Humboldt
_c2006
300 _a105 p.
520 _aSe presentan distintas estrategias para el Plan de co-manejo de bejucos utilizados en artesanías en el eje cafetero; los acuerdos con los artesanos, los procesos organizativos entre las comunidades de artesanos de bejucos de Finlandia y Circasia.
650 _aPlanes de manejo ambiental
_930017
650 _aArtesanos
_930018
650 _aCestería
_9599
650 _aBejucos
_930019
662 _aColombia
_dFilandia
_bQuindío
662 _aColombia
_dCircasia
_bQuindía
942 _2z
_cINFORME
999 _c5868
_d5868